| 000 -LEADER | |
|---|---|
| fixed length control field | 00395nam a22001577a 4500 |
| 005 - DATE AND TIME OF LATEST TRANSACTION | |
| control field | 20240109110320.0 |
| 008 - FIXED-LENGTH DATA ELEMENTS--GENERAL INFORMATION | |
| fixed length control field | 190529b xxu||||| |||| 00| 0 eng d |
| 020 ## - INTERNATIONAL STANDARD BOOK NUMBER | |
| ISBN | N 1243 |
| 041 ## - LANGUAGE CODE | |
| Language code of text/sound track or separate title | eng |
| 100 ## - MAIN ENTRY--AUTHOR NAME | |
| Personal name | KALE,S.R AND KALE, R.R |
| 245 ## - TITLE STATEMENT | |
| Title | PRACTICAL BIOCHEMISTRY AND CLINICAL PATHOLOGY |
| 250 ## - EDITION STATEMENT | |
| Edition statement | 5th, Ed. 2018 |
| 260 ## - PUBLICATION, DISTRIBUTION, ETC. (IMPRINT) | |
| Place of publication | PUNE |
| Name of publisher | NIRALI PRAKASHAN |
| 300 ## - PHYSICAL DESCRIPTION | |
| Number of Pages | 1.2p, |
| 942 ## - ADDED ENTRY ELEMENTS (KOHA) | |
| Koha item type | Books |
| Lost status | Damaged status | Collection code | Home library | Current library | Shelving location | Date acquired | Source of acquisition | Cost, normal purchase price | Accession Number | Koha item type |
|---|---|---|---|---|---|---|---|---|---|---|
| Reference | JRU Library | JRU Library | SHELF - 10 - C | 29/05/2019 | PURCHESS | 70.00 | 22854 | Books | ||
| PHARMACY | JRU Library | JRU Library | Shelf - 27- J | 29/05/2019 | PURCHESS | 70.00 | 22855 | Books | ||
| PHARMACY | JRU Library | JRU Library | Shelf - 27- J | 29/05/2019 | PURCHESS | 70.00 | 22856 | Books |